Data structures and other objects using c++ / (Record no. 186772)

MARC details
000 -LEADER
fixed length control field 00862nam a2200241Ia 4500
005 - DATE AND TIME OF LATEST TRANSACTION
control field 20241009135047.0
008 - FIXED-LENGTH DATA ELEMENTS--GENERAL INFORMATION
fixed length control field 210716s2004 xx 000 0 und d
020 ## - INTERNATIONAL STANDARD BOOK NUMBER
International Standard Book Number 9788129705826
040 ## - CATALOGING SOURCE
Transcribing agency AIMIT LIBRARY
041 ## - LANGUAGE CODE
Language code of text/sound track or separate title eng
082 ## - DEWEY DECIMAL CLASSIFICATION NUMBER
Classification number 005.73
Edition number 2
Item number MAIM
100 ## - MAIN ENTRY--PERSONAL NAME
Personal name Main, Michael.
9 (RLIN) 44236
245 ## - TITLE STATEMENT
Title Data structures and other objects using c++ /
Statement of responsibility, etc. by Michael Main and Walter Savitch.
250 ## - EDITION STATEMENT
Edition statement 2nd ed.
260 ## - PUBLICATION, DISTRIBUTION, ETC.
Place of publication, distribution, etc. New Delhi :
Name of publisher, distributor, etc. Pearson Education ,
Date of publication, distribution, etc. 2004 .
300 ## - PHYSICAL DESCRIPTION
Extent xxxi, 783p. ;
Dimensions 24 cm.
Other physical details PB
650 ## - SUBJECT ADDED ENTRY--TOPICAL TERM
Topical term or geographic name entry element Software development with templates iterators and the standard library
9 (RLIN) 44237
650 ## - SUBJECT ADDED ENTRY--TOPICAL TERM
Topical term or geographic name entry element Pointers and dynamic arrays
9 (RLIN) 44238
650 ## - SUBJECT ADDED ENTRY--TOPICAL TERM
Topical term or geographic name entry element Pointers and dynamic arrays
9 (RLIN) 181874
650 ## - SUBJECT ADDED ENTRY--TOPICAL TERM
Topical term or geographic name entry element Software development with templates literators
9 (RLIN) 181875
700 ## - ADDED ENTRY--PERSONAL NAME
Personal name Savitch, Walter.
9 (RLIN) 44239
942 ## - ADDED ENTRY ELEMENTS (KOHA)
Source of classification or shelving scheme Dewey Decimal Classification
Koha item type Book
Edition 2nd
Call number prefix 005.73 MAIM
Holdings
Withdrawn status Lost status Source of classification or shelving scheme Damaged status Not for loan Collection code Home library Current library Source of acquisition Cost, normal purchase price Inventory number Total Checkouts Full call number Barcode Date last seen Date last checked out Cost, replacement price Price effective from Koha item type
    Dewey Decimal Classification     MCA St Aloysius Institute of Management & Information Technology St Aloysius Institute of Management & Information Technology L B Publishers and Distributors 350.00 Bno:2004/951; Bill dt:2004-08-17 1 005.73 MAIM MCA06280 05/23/2026 04/13/2024 297.50 07/16/2021 Book
    Dewey Decimal Classification     MCA St Aloysius Institute of Management & Information Technology St Aloysius Institute of Management & Information Technology Premier Bookshop 350.00 Bno:277/Jan/2005;Bdt:2005-01-19 1 005.73 MAIM MCA06408 05/23/2026 04/13/2024 280.00 07/16/2021 Book